000 00304 a2200145 4500
001 155684
040 _cEscola São Tomás de Aquino
100 _aPENA, Martins
240 1 0 _aMartins Pena
_lpor
245 1 0 _aMartins Pena
300 _a110
362 0 _a1983
697 _aGENERALIDADES
942 _cBK
999 _c155684
_d155684